Main Antagonists in Games - Statistics

General Stats
  • This quiz has been taken 15 times
  • The average score is 5 of 10
Answer Stats
Game Character % Correct
Super Mario Bros. Bowser
100%
PacMan The Ghosts
92%
Sonic the Hedgehog Dr. Robotnik
77%
Legend of Zelda (1986) Ganondorf
77%
Five Nights at Freddy's 3 Springtrap/William Afton
54%
Resident Evil 3 Nemesis
31%
Silent Hill 2 Pyramid Head
31%
Final Fantasy VII Sephiroth
23%
Portal 2 Wheatley
23%
Half Life 2 Dr. Wallace Breen
8%
No matching quizzes found
Score Distribution
Percent of People with Each Score
Percentile by Number Answered
Your Score History
You have not taken this quiz